00563 a2200157 4500020001500000020001800015100001900033245004800052260005200100300001900152500001500171650002700186650002300213856008200236856008700318 a8123909179 a97881239091721 aRaup, Stanley.10aPrinciples of paleontology /cStanley Raup. a[S.l.] :bCBS Publishers & Distributors,c2006. a1 v. (unpaged) aHardcover. 4aMathematics & science. 4aScience / General.403Amazon.comuhttp://www.amazon.com/exec/obidos/ASIN/8123909179/chopaconline-20403Amazon customer reviewsuhttp://www.chopac.org/cgi-bin/tools/azrev.pl?q=8123909179